Mito y epopeya

Uloženo v:
Podrobná bibliografie
Hlavní autor: Dumézil, Georges (Autor)
Médium: Kniha
Jazyk:španělština
Vydáno: Ciudad de México Fondo de Cultura Económica 2016
Vydání:1a. ed
Edice:Antropología
Témata:
Tagy: Přidat tag
Žádné tagy, Buďte první, kdo vytvoří štítek k tomuto záznamu!

MARC

LEADER 00000cam a2200000 a 4500
001 UCD5537
003 CL-VaPUC
008 160915e20160000mx |||||||||||||||||spa|d
020 |a 9786071635037 
082 0 4 |a 291.13  |b DUM  |2 21 
100 0 |a Dumézil, Georges  |e author  |9 589315 
245 1 0 |a Mito y epopeya 
250 |a 1a. ed 
300 |a v 
942 |c BK 
945 |d 20160915 16:42:00  |a dcastane 
260 |a Ciudad de México  |b Fondo de Cultura Económica  |c 2016 
500 |a v.1: la ideología de las tres funciones en las epopeyas de los pueblos indoeuropeos 
650 7 |a RELIGIONES MODERNAS  |2 CL-VaPUC  |9 337686 
650 0 |a Hinduismo  |9 265212 
650 0 |a Mitología   |9 255719 
583 |a last modification  |c 20160915 16:42:00  |k Rodrigo Vera 
490 0 |a Antropología 
999 |c 366191  |d 366189 
952 |0 0  |1 0  |3 erb  |4 0  |6 291_130000000000000_DUM_2016  |7 0  |8 A  |9 480251  |a BIBHIS  |b BIBHIS  |h v.1  |i 534185K  |o 291.13 DUM 2016  |p 534185K  |r 2025-01-20  |w 2019-11-24  |y BK  |z Catalogado en:20160915  |k HIS 
952 |0 0  |1 0  |3 erb  |4 0  |6 291_130000000000000_DUM_2016  |7 0  |8 A  |9 480252  |a BIBHIS  |b BIBHIS  |h V.1  |i 5396395  |o 291.13 DUM 2016  |p 5396395  |r 2025-01-20  |w 2019-11-24  |y BK  |z Catalogado en:20170609  |k HIS